000 00234nam a22000857a 4500
008 161028b xxu||||| |||| 00| 0 eng d
100 _9987
_aCohen.B.etal.
245 _aSeven Daughters and Seven Son
260 _aUSA
_bF.B.T. Publications
_c1994
999 _c3645
_d3645